| 000 | 00498nam a22001697a 4500 | ||
|---|---|---|---|
| 999 |
_c27164 _d27164 |
||
| 003 | BDDh-ASL | ||
| 005 | 20231015030731.0 | ||
| 008 | 211026s1958 p ||||| |||| 00| 0 u d | ||
| 040 |
_aBDDh-ASL _cBDDh-ASL |
||
| 082 |
_a297.3 _bSIM |
||
| 100 | 1 |
_95430 _aSialkoti, Khalid Mahmud |
|
| 245 | 1 | 0 | _aMaqame Hayat : / مقام حيات |
| 260 |
_aLahore : _bIdara Hifze Marife Islamiya , _c1380 H. / 1958. |
||
| 300 |
_a272 p. : _c22 cm. |
||
| 650 | 0 |
_95142 _a Islamic Discourse |
|
| 942 |
_2ddc _cBK |
||